Pokémon aus Generation 5 - Statistiken

Allgemein
  • Dieses Quiz wurde 242 mal gespielt
  • Das Durchschnittsergebnis liegt bei 93 aus 156
Antwortstatistiken
Hint Antwort % Korrekt
498 Floink
97%
501 Ottaro
97%
495 Serpifeu
96%
503 Admurai
95%
643 Reshiram
94%
644 Zekrom
94%
497 Serpiroyal
93%
494 Victini
89%
500 Flambirex
88%
519 Dusselgurr
86%
499 Ferkokel
86%
496 Efoserp
84%
515 Sodamak
84%
512 Vegichita
84%
513 Grillmak
83%
505 Kukmarda
83%
646 Kyurem
83%
511 Vegimak
83%
520 Navitaub
82%
516 Sodachita
82%
514 Grillchita
81%
639 Terrakium
81%
640 Viridium
81%
504 Nagelotz
80%
506 Yorkleff
80%
638 Kobalium
79%
642 Voltolos
77%
502 Zwottronin
77%
508 Bissbark
76%
612 Maxax
76%
634 Duodino
74%
521 Fasasnob
73%
635 Trikephalo
73%
633 Kapuno
72%
610 Milza
72%
507 Terribark
72%
524 Kiesling
71%
553 Rabigator
71%
510 Kleoparda
70%
523 Zebritz
70%
647 Keldeo
69%
518 Somnivora
69%
641 Boreos
68%
645 Demeteros
68%
551 Ganovil
68%
607 Lichtel
68%
534 Meistagrif
68%
517 Somniam
68%
522 Elezeba
67%
539 Karadonis
67%
537 Branawarz
66%
526 Brockoloss
66%
509 Felilou
66%
544 Rollum
66%
611 Sharfax
66%
533 Strepoli
66%
649 Genesect
65%
532 Praktibalk
65%
609 Skelabra
65%
552 Rokkaiman
64%
530 Stalobor
64%
543 Toxiped
64%
525 Sedimantur
63%
648 Meloetta
62%
531 Ohrdoch
62%
540 Strawickl
62%
604 Zapplarang
62%
545 Cerapendra
61%
542 Matrifol
61%
637 Ramoth
61%
621 Shardrago
61%
614 Siberio
61%
602 Zapplardin
61%
587 Emolga
60%
538 Jiutesto
60%
613 Petznief
60%
608 Laternecto
59%
563 Echnatoll
57%
576 Morbitesse
57%
529 Rotomurf
57%
535 Schallquap
57%
581 Swaroness
57%
541 Folikon
56%
554 Flampion
55%
579 Zytomega
55%
527 Fleknoil
54%
599 Klikk
54%
536 Mebrana
54%
585 Sesokitz
54%
580 Piccolente
53%
571 Zoroark
53%
632 Fermicula
52%
582 Gelatini
52%
595 Wattzapf
52%
631 Furnifraß
51%
564 Galapaflos
51%
584 Gelatwino
51%
627 Geronimatz
51%
586 Kronjuwild
51%
562 Makabaja
51%
561 Symvolara
51%
628 Washakwil
51%
570 Zorua
51%
528 Fletiamo
50%
615 Frigometri
50%
601 Klikdiklak
50%
574 Mollimorba
50%
596 Voltula
50%
603 Zapplalek
50%
577 Monozyto
49%
550 Barschuft
48%
575 Hypnomorba
48%
636 Ignivor
48%
600 Kliklak
48%
567 Aeropteryx
47%
566 Flapteryx
47%
592 Quabbel
47%
626 Bisofank
46%
624 Gladiantri
46%
560 Irokex
46%
565 Karippas
46%
546 Waumboll
46%
625 Caesurio
45%
547 Elfun
45%
556 Maracamba
45%
616 Schnuthelm
45%
583 Gelatroppo
44%
622 Golbit
44%
559 Zurrokex
44%
597 Kastadur
43%
619 Lin-Fu
43%
557 Lithomith
43%
629 Skallyk
43%
573 Chillabell
41%
591 Hutsassa
41%
617 Hydragil
41%
620 Wie-Shu
41%
558 Castellith
40%
589 Cavalanzas
40%
623 Golgantes
40%
588 Laukaps
40%
572 Picochilla
40%
598 Tentantel
40%
630 Grypheldis
39%
548 Lilminip
39%
578 Mitodos
39%
568 Unratütox
39%
569 Deponitox
38%
549 Dressella
38%
590 Tarnpignon
38%
618 Flunschlik
36%
605 Pygraulon
33%
594 Mamolida
31%
606 Megalon
31%
555 Flampivian
24%
593 Apoquallyp
23%
Keine übereinstimmenden Quizze gefunden
Verteilung der Resultate
Anzahl Personen mit jedem Resultat
Perzentil nach korrekt beantworteten Fragen
Ihre Resultats-Entwicklung
Sie haben dieses Quiz noch nicht gespielt